Southville International School and Colleges
Your cart is empty.
  • Cart
  • Lists
    Public lists Eva Luna New books Lux_list list_1
    Your lists Log in to create your own lists
  • Log in to your account
  • Your cookies
  • Search history
Southville International School and Colleges
  • Advanced search
  • Recent comments
  • Most popular
  • Libraries

Log in to your account

Log in with GOOGLE


If you do not have an external account, but do have a local account, you can still log in:

  1. Home
  2. MARC view: Merriam-Webster's collegiate dictionary.
Normal view MARC view ISBD view

Merriam-Webster's collegiate dictionary. (Record no. 15671)

[ view plain ]
MARC details
000 -LEADER
fixed length control field 01498cam a2200373 a 4500
001 - CONTROL NUMBER
control field 13095743
003 - CONTROL NUMBER IDENTIFIER
control field OSt
005 - DATE AND TIME OF LATEST TRANSACTION
control field 20140310182747.0
008 - FIXED-LENGTH DATA ELEMENTS--GENERAL INFORMATION
fixed length control field 030219s2003 maua d 001 0 eng
010 ## - LIBRARY OF CONGRESS CONTROL NUMBER
LC control number 2003003674
020 ## - INTERNATIONAL STANDARD BOOK NUMBER
International Standard Book Number 0877798095 (Jacketed hardcover with CDROM : alk. paper)
020 ## - INTERNATIONAL STANDARD BOOK NUMBER
International Standard Book Number 0877798079 (Laminated unindexed : alk. paper)
020 ## - INTERNATIONAL STANDARD BOOK NUMBER
International Standard Book Number 0877798087 (Jacketed hardcover unindexed : alk. paper)
020 ## - INTERNATIONAL STANDARD BOOK NUMBER
International Standard Book Number 0877798109 (Leatherlook with CDROM : alk. paper)
040 ## - CATALOGING SOURCE
Original cataloging agency DLC
Transcribing agency DLC
Modifying agency DLC
050 00 - LIBRARY OF CONGRESS CALL NUMBER
Classification number PE1628
Item number .M36 2003
051 ## - LIBRARY OF CONGRESS COPY, ISSUE, OFFPRINT STATEMENT
Classification number PE1628
Item number .M36 2009 Copy 4
Copy information Without CD-ROM.
082 00 - DEWEY DECIMAL CLASSIFICATION NUMBER
Classification number 423
-- 21
245 00 - TITLE STATEMENT
Title Merriam-Webster's collegiate dictionary.
246 30 - VARYING FORM OF TITLE
Title proper/short title Collegiate dictionary
250 ## - EDITION STATEMENT
Edition statement 11th ed.
260 ## - PUBLICATION, DISTRIBUTION, ETC. (IMPRINT)
Place of publication, distribution, etc Springfield, Mass. :
Name of publisher, distributor, etc Merriam-Webster, Inc.,
Date of publication, distribution, etc 2003.
300 ## - PHYSICAL DESCRIPTION
Extent 1623 p. :
Other physical details ill. ;
Dimensions 25 cm. +
Accompanying material 1 CD-ROM (4 3/4 in.)
500 ## - GENERAL NOTE
General note Includes index.
521 ## - TARGET AUDIENCE NOTE
Target audience note
526 ## - STUDY PROGRAM INFORMATION NOTE
Reading level 1210L to 1700L
541 ## - IMMEDIATE SOURCE OF ACQUISITION NOTE
-- 1
562 ## - COPY AND VERSION IDENTIFICATION NOTE
Number of copies For circulation. 1copy available in the collection
650 #0 - SUBJECT ADDED ENTRY--TOPICAL TERM
Topical term or geographic name as entry element English language
Form subdivision Dictionaries.
710 2# - ADDED ENTRY--CORPORATE NAME
Corporate name or jurisdiction name as entry element Merriam-Webster, Inc.
906 ## - LOCAL DATA ELEMENT F, LDF (RLIN)
a 7
b cbc
c orignew
d 1
e ecip
f 20
g y-gencatlg
942 ## - ADDED ENTRY ELEMENTS (KOHA)
Source of classification or shelving scheme Library of Congress Classification
Koha item type Books
Call number prefix
Holdings
Withdrawn status Lost status Source of classification or shelving scheme Damaged status Home library Current library Shelving location Date acquired Total Checkouts Full call number Barcode Date last seen Copy number Price effective from Koha item type
    Library of Congress Classification   College Library College Library Reference Section 06/23/2012   PE 1628 .M36 2009 C14334 05/15/2018 1 11/14/2013 Books
    Library of Congress Classification   College Library College Library Reference Section 10/25/2013   PE 1628 .M36 2003 C10700 05/15/2018 2 11/14/2013 Books

Merriam-Webster's collegiate dictionary.

APA

Merriam-Webster I., . (2003). Merriam-Webster's collegiate dictionary. Springfield, Mass: Merriam-Webster, Inc.

Chicago

Merriam-Webster Inc, . 2003. Merriam-Webster's collegiate dictionary. Springfield, Mass: Merriam-Webster, Inc.

Harvard

Merriam-Webster I., . (2003). Merriam-Webster's collegiate dictionary. Springfield, Mass: Merriam-Webster, Inc.

MLA

Merriam-Webster Inc, . Merriam-Webster's collegiate dictionary. Springfield, Mass: Merriam-Webster, Inc. 2003.

  • Place hold
  • Print
  • Cite
  • Add to your cart (remove)
  • Save record
    BIBTEX Dublin Core MARCXML MARC (non-Unicode/MARC-8) MARC (Unicode/UTF-8) MARC (Unicode/UTF-8, Standard) MODS (XML) RIS
  • More searches
    Search for this title in:
    Other Libraries (WorldCat) Other Databases (Google Scholar) Online Stores (Bookfinder.com) Open Library (openlibrary.org)

Exporting to Dublin Core...

SOUTHVILLE LIBRARY

Southville International School and Colleges Library

1281 Tropical Ave. Cor. Luxembourg St., BF Homes International, Las Pinas City

Tel. No. 8256374 / 252358 Loc. 117/146

Powered by Koha